Housing management (Record no. 85881)

MARC details
000 -LEADER
fixed length control field 00462cam a2200205 4500
001 - CONTROL NUMBER
control field D6833
008 - FIXED-LENGTH DATA ELEMENTS--GENERAL INFORMATION
fixed length control field 090401t1978 xxu||||| |||| 00| 0 eng d
035 ## - SYSTEM CONTROL NUMBER
System control number (Sirsi) u3449
041 ## - LANGUAGE CODE
Language code of text/sound track or separate title eng
050 ## - LIBRARY OF CONGRESS CALL NUMBER
Classification number 306.2
100 ## - MAIN ENTRY--PERSONAL NAME
Personal name Macey, John P
245 ## - TITLE STATEMENT
Title Housing management
250 ## - EDITION STATEMENT
Edition statement 3rd
260 ## - PUBLICATION, DISTRIBUTION, ETC.
Place of publication, distribution, etc. London
Name of publisher, distributor, etc. Estates Gazette
Date of publication, distribution, etc. 1978
300 ## - PHYSICAL DESCRIPTION
Extent xii. 631p. 11cm
350 ## - PRICE (NR) (BK AM CF MU VM SE) [OBSOLETE]
Price 8
700 ## - ADDED ENTRY--PERSONAL NAME
Personal name Baker, Charles Vivian
942 ## - ADDED ENTRY ELEMENTS (KOHA)
Suppress in OPAC 0
948 ## - LOCAL PROCESSING INFORMATION (OCLC); SERIES PART DESIGNATOR (RLIN)
c (OCLC) 04/03/1997
Holdings
Withdrawn status Lost status Source of classification or shelving scheme Damaged status Not for loan Home library Current library Shelving location Date acquired Cost, normal purchase price Total Checkouts Full call number Barcode Date last seen Copy number Cost, replacement price Price effective from Koha item type
    Other/Generic Classification Scheme     London London Basement 14/09/1999 8.00   RESERVE SHELVES 30008493 06/08/2019 1 8.00 06/08/2019 Book